000 00294nam a2200121Ia 4500
008 191201s2016 xx 000 0 und d
100 _aKANETKAR, Yashavant
245 0 _aTest your C Skills
250 _aRep
260 _c2016
_bBPB Publication
_aNEW DELHI
300 _a472
942 _2ddc
_cBK
_013
999 _c7972
_d7972